Labor laws, Minnesota. Rev. to include legislation relating to labor passed by the 1925 session of the state Legislature.
Saved in:
| Corporate Authors: | , |
|---|---|
| Format: | Book |
| Language: | English |
| Published: |
[St. Paul?]
1925.
|
| Subjects: | |
| Tags: |
Add Tag
No Tags, Be the first to tag this record!
|
| LEADER | 00855nam a2200253K 4500 | ||
|---|---|---|---|
| 001 | 003473308-6 | ||
| 005 | 20040130163834.0 | ||
| 008 | 930623s1925 mnu 000 0 eng | ||
| 010 | |a 25027209 | ||
| 035 | 0 | |a ocm28317889 | |
| 040 | |a DLC |c MHS |d HVL | ||
| 043 | |a n-us-mn | ||
| 090 | |a HD7835.M6 |b A5 1925 | ||
| 110 | 1 | |a Minnesota. | |
| 245 | 1 | 0 | |a Labor laws, Minnesota. |b Rev. to include legislation relating to labor passed by the 1925 session of the state Legislature. |
| 260 | |a [St. Paul?] |c 1925. | ||
| 300 | |a 235 p. |c 18 cm. | ||
| 500 | |a At head of title: Compiled and published by authority of the Industrial Commission of Minnesota. | ||
| 500 | |a Kept up to date by supplements. | ||
| 500 | |a Includes index. | ||
| 650 | 0 | |a Labor laws and legislation |z Minnesota. | |
| 710 | 2 | |a Industrial Commission of Minnesota. | |
| 988 | |a 20020608 | ||
| 906 | |0 DLC | ||


